Language Quiz

Random Language Quiz

Ser vs Estar Quiz Stats

 Plays Quiz not verified by Sporcle

Score 0/20 Timer 02:00
0 Plays Today
Hint Answer % Correct
altoser - description
95.7%
grandeser - description
95.7%
simpáticoser - description
95.7%
viejoser - description
95.7%
muchachosser - description
95.7%
a las dosser- time
91.3%
mediodiaser - time
91.3%
mañanaser - time
91.3%
nacionalidadser - origin
76.1%
tristeestar - emotion
71.7%
Hint Answer % Correct
contentoestar - emotion
71.7%
debajo de la mesaestar - location
67.4%
en Montanaestar - location
67.4%
en el bañoestar - location
67.4%
dirtyestar - condition
54.3%
sucioestar - condition
54.3%
ocupadoestar - condition
54.3%
profesorser - profession
41.3%
de oroser - made of
15.2%
mioser - possession
15.2%

You're not logged in!

Compare scores with friends on all Sporcle quizzes.
OR
Log In

You Might Also Like...

Show Comments

Extras

Created Oct 14, 2014ReportNominate

Top Quizzes Today


Score Distribution

Your Account Isn't Verified!

In order to create a playlist on Sporcle, you need to verify the email address you used during registration. Go to your Sporcle Settings to finish the process.

Report this User

Report this user for behavior that violates our Community Guidelines.

Details: